000 00675nam a2200217Ia 4500
003 GCL
008 140319s9999 xx 000 0 ara d
020 _a8020909977
040 _aGCL /
_cGCL
082 0 4 _a780.92
_bر ا
100 1 _aرتيبة الحفنى
245 1 0 _aام كلثوم :
_bمعجزة الغناء العربى /
_cرتيبة الحفنى
250 _aالاولى
260 _aالقاهرة :
_bدار الشروق ،
_c1994
300 _a255 ص ؛
_c24 سم
490 _aعالم النغم
_v0
650 0 4 _aالموسيقيون المصريون
650 0 4 _aام كلثوم
650 0 4 _aالفنانون - تراجم
942 _2ddc
_cBK
999 _c44498
_d44498